US Area Codes (Primary Only) - Statistics

General Stats
  • This quiz has been taken 12 times
  • The average score is 77 of 231
Answer Stats
Hint Answer % Correct
Alabama 205
63%
Texas 210
63%
Alabama 251
63%
Maryland 301
63%
Iowa 319
63%
Georgia 404
63%
New Jersey 609
63%
Alaska 907
63%
District of Columbia 202
50%
Connecticut 203
50%
New York 212
50%
California 213
50%
Texas 214
50%
Pennsylvania 215
50%
Ohio 216
50%
Illinois 217
50%
Minnesota 218
50%
Indiana 219
50%
Louisiana 225
50%
Georgia 229
50%
Florida 239
50%
Michigan 248
50%
North Carolina 252
50%
Washington 253
50%
Alabama 256
50%
Wisconsin 262
50%
Michigan 269
50%
Kentucky 270
50%
Virginia 276
50%
Delaware 302
50%
Colorado 303
50%
Florida 305
50%
California 310
50%
Illinois 312
50%
Michigan 313
50%
Kansas 316
50%
Indiana 317
50%
Louisiana 318
50%
Minnestoa 320
50%
Ohio 330
50%
Alabama 334
50%
North Carolina 336
50%
Louisiana 337
50%
Florida 352
50%
Maryland 410
50%
Pennsylvania 412
50%
Massachusetts 413
50%
California 415
50%
Missouri 417
50%
Ohio 419
50%
Arkansas 501
50%
Kentucky 502
50%
Oregon 503
50%
New Mexico 505
50%
Ohio 513
50%
Iowa 515
50%
Michigan 517
50%
New York 518
50%
New Mexico 575
50%
Pennsylvania 610
50%
New Jersey 201
38%
Washington 206
38%
Maine 207
38%
Idaho 208
38%
California 209
38%
Michigan 231
38%
Texas 254
38%
Indiana 260
38%
West Virginia 304
38%
Nebraska 308
38%
Missouri 314
38%
New York 315
38%
Texas 325
38%
Texas 361
38%
Florida 386
38%
Rhode Island 401
38%
Nebraska 402
38%
Oklahoma 405
38%
Montana 406
38%
Florida 407
38%
Wisconsin 414
38%
Virginia 434
38%
Ohio 440
38%
Georgia 478
38%
Arkansas 479
38%
Arizona 480
38%
Louisiana 504
38%
Minnesota 507
38%
Massachusetts 508
38%
Texas 512
38%
New York 516
38%
Arizona 520
38%
California 530
38%
Oregon 541
38%
California 559
38%
Florida 561
38%
California 562
38%
Iowa 563
38%
Pennsylvania 570
38%
Missouri 573
38%
Oklahoma 580
38%
New York 585
38%
Kentucky 606
38%
Ohio 614
38%
Tennessee 615
38%
Michigan 616
38%
Illinois 618
38%
California 619
38%
California 626
38%
North Dakota 701
38%
Nevada 702
38%
Iowa 712
38%
New York 716
38%
Colorado 719
38%
Florida 727
38%
New Jersey 732
38%
California 805
38%
Hawaii 808
38%
Michigan 810
38%
Indiana 812
38%
Florida 813
38%
Florida 904
38%
Michigan 906
38%
North Carolina 919
38%
Wyoming 307
25%
Illinois 309
25%
Washington 360
25%
California 408
25%
Texas 409
25%
Tennessee 423
25%
Washington 425
25%
Texas 432
25%
Utah 435
25%
Washington 509
25%
California 510
25%
Virginia 540
25%
Indiana 574
25%
Michigaan 586
25%
Arizona 602
25%
New Hampshire 603
25%
Massachusetts 617
25%
Kansas 620
25%
Arizona 623
25%
Illinois 630
25%
Missouri 636
25%
Iowa 641
25%
California 650
25%
Minnesota 651
25%
Missouri 660
25%
California 661
25%
Virginia 703
25%
North Carolina 704
25%
Georgia 706
25%
Texas 713
25%
California 714
25%
Wisconsin 715
25%
Pennsylvania 717
25%
New York 718
25%
Michigan 734
25%
Ohio 740
25%
Virginia 757
25%
Indiana 765
25%
Georgia 770
25%
Nevada 775
25%
Kansas 785
25%
Utah 801
25%
Vermont 802
25%
South Carolina 803
25%
Virginia 804
25%
Texas 806
25%
Pennsylvania 814
25%
Missouri 816
25%
California 818
25%
North Carolina 828
25%
Texas 830
25%
New York 845
25%
Illinois 847
25%
Florida 850
25%
Kentucky 859
25%
Connecticut 860
25%
Florida 863
25%
Arkansas 870
25%
Tennessee 901
25%
Texas 903
25%
New Jersey 908
25%
California 909
25%
North Carolina 910
25%
Georgia 912
25%
New York 914
25%
California 916
25%
Oklahoma 918
25%
Arizona 928
25%
Tennessee 931
25%
Ohio 937
25%
New Jersey 973
25%
Louisiana 985
25%
Michigan 989
25%
South Dakota 605
13%
New York 607
13%
Wisconsin 608
13%
New York 631
13%
California 707
13%
Illinois 708
13%
Pennsylvania 724
13%
Tennessee 731
13%
California 760
13%
Minnesota 763
13%
Florida 772
13%
Massachusetts 781
13%
Illinois 815
13%
Texas 817
13%
California 831
13%
South Carolina 843
13%
New Jersey 856
13%
South Carolina 864
13%
Tennessee 865
13%
Kansas 913
13%
Texas 915
13%
Wisconsin 920
13%
California 925
13%
Florida 941
13%
California 949
13%
California 951
13%
Minnesota 952
13%
Florida 954
13%
Texas 956
13%
Colorado 970
13%
Massachusetts 978
13%
Texas 979
13%
Texas 936
0%
Texas 940
0%
No matching quizzes found
Score Distribution
Percent of People with Each Score
Percentile by Number Answered
Your Score History
You have not taken this quiz